000 02870cam a22005654i 4500
003 PE-LiUPU
005 20250731172827.0
008 150617s1980 xxu rb 000 0 spa d
035 _a(Sirsi) a15145
040 _aPE-LiUPU
_bspa
_cPE-LiUPU
_erda
049 _aPRUA
082 0 4 _a289.322
_bL59
_221
082 0 4 _a289.322
_bM86 1980
100 1 _aMormon,
_eautor.
245 1 3 _aEl libro de Mormón :
_buna relación escrita por la mano de mormon sobre planchas tomadas de las planchas de Nefi /
_cMormon.
264 1 _aU.S.A. :
_bLa Iglesia de Jesucristo de los Santos de los Ultimos Días ,
_c1980.
300 _a614 páginas foto ;
_c17 centímetros
336 _atext
_2rdacontent
337 _aunmediated
_2rdamedia
338 _avolume
_2rdacarrier
505 0 _aEl primer libro de Nefi -- Segundo libro de Nefi -- Libro de Jacob -- Libro de Enos -- Libro de Jarom -- Libro de Omni -- Las palabras de Mormón -- Libro de Mosíah -- Libro de Alma -- Libro de Helamán -- Tercer libro de Nefi -- Cuarto libro de Nife -- Libro de Mormón -- Libro de Ether -- Libro de Moroni.
526 _aSEG42
526 _aSEG41
526 _aSEG40
526 _aSEG39
526 _aP94
526 _aP87
526 _aP86
526 _aP85
526 _aP77
526 _aP76
526 _aP35
650 0 4 _aLibro de Mormón.
910 _ajck
_bjvq
_cjck
_gvs
_d20150616
942 _2ddc
_cBOOK
949 _a289.322 L59
_wDEWEY
_c1
_i11385
_lCCODEBUL1
_mBUL
_p
_r0
_sY
_tBOOK
_u19920922
_xTEOLOGIA
_PP35
_0COMPRA
_o.STAFF. Colección Teología
949 _a289.322 L59
_wDEWEY
_c2
_i31110
_lCCODEBUL1
_mBUL
_p
_r0
_sY
_tBOOK
_u19920922
_xTEOLOGIA
_PP35
_0COMPRA
_o.STAFF. Colección Teología
949 _a289.322 L59
_wDEWEY
_c3
_i31109
_lCCODEBUL1
_mBUL
_p
_r0
_sY
_tBOOK
_u19920922
_xTEOLOGIA
_PP35
_0COMPRA
_o.STAFF. Colección Teología
949 _a289.322 M86 1980
_wDEWEY
_c1
_iFT00101
_lCCODEBUT1
_mBUT
_p{Dolar}25.00
_r0
_sY
_tBOOK
_u2018-06-24
_xBIBLIOTECA
_zUNKNOWN
_o.STAFF. Colección General Tarapoto
994 _aC0
_bPEPRU
596 _a1 2
999 _a289.322 L59
_wDEWEY
_c5701
_i11385
_f2019-12-11
_g4
_lDISCARD
_mBUL
_r0
_sY
_tBOOK
_u2015-6-17
_xTEOLOGIA
_PP35
_0COMPRA
_o.STAFF. Colección General
_d5701
999 _a289.322 L59
_wDEWEY
_c2
_i31110
_f2021-11-12
_g5
_lCCODEBUL1
_mBUL
_r0
_sY
_tBOOK
_u2015-6-17
_xTEOLOGIA
_PP35
_0COMPRA
_o.STAFF. Colección General
999 _a289.322 L59
_wDEWEY
_c3
_i31109
_d2018-10-3
_e2016-8-22
_f2021-11-12
_g5
_lCCODEBUL1
_mBUL
_n5
_p20.00
_q1
_r0
_sY
_tBOOK
_u2015-6-17
_xTEOLOGIA
_PP35
_0COMPRA
_o.STAFF. Colección Teología
999 _a289.322 M86 1980
_wDEWEY
_c1
_iFT00101
_f2019-2-20
_g1
_lCCODEBUT1
_mBUT
_p25.00
_r0
_sY
_tBOOK
_u2018-6-24
_xBIBLIOTECA
_zUNKNOWN
_0DONACION
_o.STAFF. Colección general tarapoto
980 _81
_gALBERTO SANCHEZ Responsable de Automatización